Two women in their time : the Belarus Free Theatre and the art of resistance /

Guardat en:
Dades bibliogràfiques
Autor principal: Friedman, Misha
Altres autors: Gessen, Masha
Format: Llibre
Idioma:anglès
Publicat: New York : The New Press, 2020
Etiquetes: Afegir etiqueta
Sense etiquetes, Sigues el primer a etiquetar aquest registre!

MARC

LEADER 00000nam a22000007i 4500
001 IT\ICCU\UBO\4872367
003 ItRI
005 20260115232013.0
008 250411s2020 xxu|||||| ||||| |||||c
020 |a 9781620974056 
040 |b ita  |c importazione bologna sebina 
041 7 |a eng  |2 ISO-639-2 
100 1 |a Friedman, Misha  |0 IT\ICCU\UBOV\156210 
240 1 0 |a Two women in their time  |3 IT\ICCU\UBO\4872371  |9 Friedman, Misha 
245 1 0 |a Two women in their time :  |b the Belarus Free Theatre and the art of resistance /  |c Misha Friedman ; with an introduction by Masha Gessen. 
260 |a New York :  |b The New Press,  |c 2020 
300 |a 136 p. :  |b ill. ;  |c 26 cm. 
700 1 |a Gessen, Masha  |0 IT\ICCU\TO0V\262350 
942 |2 ddc  |c BK  |n 0 
952 |0 0  |1 0  |4 0  |6 DOC_792_090000000000000_FRI  |7 0  |9 18765  |a BO  |b BO  |d 2026-01-15  |i 20606  |l 0  |o DOC 792.09 FRI  |p BO20606  |r 2026-01-15 23:20:13  |w 2026-01-15  |x [Sebina 5] [1 v.]  |y BK  |z 1 v. 
999 |c 15927  |d 15927